Semaines passées à la tête du classement ATP - Statistics

General Stats
  • This quiz has been taken 15 times
    9 since last reset
  • The average score is 7 of 29
Answer Stats
Nb Semaines Joueurs % Correct
1 428 Novak DJOKOVIC
100%
6 209 Rafael NADAL
100%
2 310 Roger FEDERER
100%
14 52 Carlos ALCARAZ
83%
12 66 Jannik SINNER
67%
16 41 Andy MURRAY
50%
19 16 Daniil MEDVEDEV
50%
3 286 Pete SAMPRAS
50%
9 101 Andre AGASSI
33%
8 109 Björn BORG
33%
28 2 Carlos MOYA
17%
10 80 Lleyton HEWITT
17%
18 20 Mats WILANDER
17%
20 13 Andy RODDICK
0%
21 12 Boris BECKER
0%
15 43 Gustavo KUERTEN
0%
27 6 Ievgueni KAFELNIKOV
0%
17 40 Ilie NASTASE
0%
4 270 Ivan LENDL
0%
13 58 Jim COURIER
0%
5 268 Jimmy CONNORS
0%
7 170 John MCENROE
0%
23 8 John NEWCOMBE
0%
24 8 Juan Carlos FERRERO
0%
22 9 Marat SAFIN
0%
26 6 Marcelo RIOS
0%
29 1 Patrick RAFTER
0%
11 72 Stefan EDBERG
0%
25 6 Thomas MUSTER
0%
No matching quizzes found
Score Distribution
Percent of People with Each Score
Percentile by Number Answered
Your Score History
You have not taken this quiz since the last reset